Social theory and social structure / (Record no. 33232)
[ view plain ]
| 000 -LEADER | |
|---|---|
| fixed length control field | 00821nam a22002771i 4500 |
| 001 - CONTROL NUMBER | |
| control field | 33232 |
| 003 - CONTROL NUMBER IDENTIFIER | |
| rucl marc code | BD-RjUL |
| 005 - DATE AND TIME OF LATEST TRANSACTION | |
| control field | 20211209051953.0 |
| 008 - FIXED-LENGTH DATA ELEMENTS--GENERAL INFORMATION | |
| fixed length control field | 140430r19671957nyn b 001 0 eng |
| 035 ## - SYSTEM CONTROL NUMBER | |
| System control number | (BD-RjUL)33323 |
| System control number | (OCoLC)4536864 |
| 040 ## - CATALOGING SOURCE | |
| Original cataloging agency | DLC |
| Transcribing agency | KMK |
| Modifying agency | BD-RjUL |
| Language of cataloging | eng |
| 041 ## - LANGUAGE CODE | |
| Language code of text/sound track or separate title | eng |
| 082 ## - DEWEY DECIMAL CLASSIFICATION NUMBER | |
| Classification number | 301.01 |
| Author mark and year | MES 1967 |
| 100 1# - MAIN ENTRY--PERSONAL NAME | |
| Personal name | Merton, Robert King |
| Dates associated with a name | 1910-2003 |
| 9 (RLIN) | 7046 |
| 245 10 - TITLE STATEMENT | |
| Title | Social theory and social structure / |
| Statement of responsibility, etc. | Robert K. Merton. |
| 250 ## - EDITION STATEMENT | |
| Edition statement | Rev. and enl. ed. |
| 260 ## - PUBLICATION, DISTRIBUTION, ETC. (IMPRINT) | |
| Place of publication, distribution, etc. | New York : |
| Name of publisher, distributor, etc. | Free Press, |
| Date of publication, distribution, etc. | c1957 [printing 1967, 1964]. |
| 300 ## - PHYSICAL DESCRIPTION | |
| Pagination | xviii, 645 p. ; |
| Size | 24 cm. |
| 504 ## - BIBLIOGRAPHY, ETC. NOTE | |
| Bibliography, etc | Includes bibliographical references and indexes. |
| 650 #0 - SUBJECT ADDED ENTRY--TOPICAL TERM | |
| Topical term or geographic name as entry element | Sociology. |
| 9 (RLIN) | 100916 |
| Topical term or geographic name as entry element | Social structure |
| 9 (RLIN) | 113947 |
| 942 ## - ADDED ENTRY ELEMENTS (KOHA) | |
| Source of classification or shelving scheme | Dewey Decimal Classification |
| Koha item type | Books |
| Lost status | Source of classification or shelving scheme | Damaged status | Not for loan | Collection code | Permanent Location | Current Location | Shelving location | Date acquired | Source of acquisition | Cost, normal purchase price | Total Checkouts | Full call number | Date last seen | Copy number | Koha item type |
|---|---|---|---|---|---|---|---|---|---|---|---|---|---|---|---|
| Dewey Decimal Classification | Non-fiction | Central Library, University of Rajshahi | Central Library, University of Rajshahi | 15/11/1967 | Zetlinger | 70.00 | 301.01 MES 1967 | 30/04/2014 | C-3 | Books | |||||
| Dewey Decimal Classification | Non-fiction | Central Library, University of Rajshahi | Central Library, University of Rajshahi | 15/11/1967 | Zetlinger | 70.00 | 301.01 MES 1967 | 30/04/2014 | C-4 | Books | |||||
| Dewey Decimal Classification | Non-fiction | Central Library, University of Rajshahi | Central Library, University of Rajshahi | 15/11/1967 | Zetlinger | 70.00 | 301.01 MES 1967 | 30/04/2014 | C-5 | Books | |||||
| Dewey Decimal Classification | Non-fiction | Central Library, University of Rajshahi | Central Library, University of Rajshahi | 03/05/1967 | Green book house | 36.00 | 301.01 MES 1964 | 12/05/2014 | C-2 | Books | |||||
| Dewey Decimal Classification | Not For Loan | Non-fiction | Central Library, University of Rajshahi | Central Library, University of Rajshahi | Reading Room | 13/11/2014 | 301.01 MES 1964 | 13/11/2014 | C-1 | Books | |||||
| Dewey Decimal Classification | Non-fiction | Central Library, University of Rajshahi | Central Library, University of Rajshahi | General Stacks | 07/06/1969 | Zeitlinger | 72.00 | 301.01 MES 1967 | 23/03/2021 | C-8 | Books | ||||
| Dewey Decimal Classification | Non-fiction | Central Library, University of Rajshahi | Central Library, University of Rajshahi | General Stacks | 07/06/1969 | Zeitlinger | 72.00 | 301.01 MES 1967 | 09/02/2023 | C-7 | Books |